| 000 | 02079cam a22004694i 4500 | ||
|---|---|---|---|
| 003 | PE-LiUPU | ||
| 005 | 20250731173154.0 | ||
| 008 | 150623s1999 kyu rb 000 0 eng d | ||
| 020 | _a0664222633 | ||
| 035 | _a(Sirsi) i9780664222635 | ||
| 040 |
_aPE-LiUPU _bspa _cPE-LiUPU _erda |
||
| 049 | _aPRUA | ||
| 082 | 0 | 4 |
_a220.66 _bF67 _221 |
| 100 | 1 |
_aFokkelman, Jan P., _eautor. |
|
| 245 | 1 | 0 |
_aReading biblical narrative : _ban introductory guide / _cJan P. Fokkelman. |
| 264 | 1 |
_aLouisville, Kentucky : _bWestminster John Knox Press, _c1999. |
|
| 300 |
_a216 páginas ; _c23 centímetros |
||
| 336 |
_atext _2rdacontent |
||
| 337 |
_aunmediated _2rdamedia |
||
| 338 |
_avolume _2rdacarrier |
||
| 504 | _aIncluye bibliografía. | ||
| 505 | 0 | _aIntroduction: the art of reading components I and II -- Twelve stories at a glance: the practice area -- The narrator and his characters -- Action, hero, quest and plot -- Time and space, entrances and exits: the power of a correct structuration -- The powwe of repetition: the dialectics of similarity and difference -- Points of view, knowledge and values -- Stores organized: act, cycle, book -- The collaboration of prose and poetry -- The New Testament -- The reader's attitude, ten productive questions: sugestions for further reading. | |
| 526 | _aSEG42 | ||
| 526 | _aSEG41 | ||
| 526 | _aSEG40 | ||
| 526 | _aSEG39 | ||
| 526 | _aP94 | ||
| 526 | _aP87 | ||
| 526 | _aP86 | ||
| 526 | _aP85 | ||
| 526 | _aP77 | ||
| 526 | _aP76 | ||
| 526 | _aP35 | ||
| 630 |
_aBiblia como literatura _xGuía. |
||
| 630 |
_aBiblia _xCrítica e interpretación. |
||
| 942 |
_2ddc _cBOOK |
||
| 949 |
_a220.66 F67 _wDEWEY _c1 _i53578 _lCCODEBUL1 _mBUL _p25.00 _r0 _sY _tBOOK _u2015-6-24 _xTEOLOGIA _PP35 _0COMPRA _o.STAFF. Colección Teología |
||
| 994 |
_aC0 _bPEPRU |
||
| 596 | _a1 | ||
| 999 |
_a220.66 F67 _wDEWEY _c35606 _i53578 _d35606 _e2017-9-15 _f2021-11-9 _g5 _lCCODEBUL1 _mBUL _n1 _p25.00 _r0 _sY _tBOOK _u2015-6-24 _xTEOLOGIA _PP35 _0COMPRA _o.STAFF. Colección Teología |
||
| 980 |
_81 _gALBERTO SANCHEZ Responsable de Automatización |
||